Catalog

Record Details

Catalog Search



The rising sun / by Arthur Zich and the editors of ... Read More

Zich, Arthur.(Author).

Available copies

  • 1 of 1 copy available at LARL/NWRL Consortium.

Current holds

0 current holds with 1 total copy.

Show Only Available Copies
Location Call Number / Copy Notes Barcode Shelving Location Status Due Date
Roseau Public Library 940.54 ZIC (Text) 35500001779006 Main Available -

Record details

  • Physical Description: 208 p. : ill. ; 29 cm.
  • Publisher: Alexandria, Va. : Time-Life Books, c1977.

Content descriptions

General Note:
Includes index.
Bibliography, etc. Note:
Bibliography: p. 204.
Subject: World War, 1939-1945 > Pacific Ocean.
World War, 1939-1945 > Japan.
Japan > History > 1912-1945.
LDR 01014cam a2200301 i 4500
0012772
003LARL_NWRL_CONSORTIUM
00519861011130052.0
008770525s1977 vaua b 001 0 eng
035 . ‡a(OCoLC)2941738
043 . ‡aa-ja--- ‡ap------
082 . ‡a940.54/26
092 . ‡a940.5 ‡bZ
1001 . ‡aZich, Arthur. ‡0(LARL_NWRL_CONSORTIUM)135059
24514. ‡aThe rising sun / ‡cby Arthur Zich and the editors of Time-Life Books.
260 . ‡aAlexandria, Va. : ‡bTime-Life Books, ‡cc1977.
300 . ‡a208 p. : ‡bill. ; ‡c29 cm.
4900 . ‡aWorld War II ; ‡vv.4
500 . ‡aIncludes index.
504 . ‡aBibliography: p. 204.
650 0. ‡aWorld War, 1939-1945 ‡zPacific Ocean.
650 0. ‡aWorld War, 1939-1945 ‡zJapan. ‡0(LARL_NWRL_CONSORTIUM)162709
651 0. ‡aJapan ‡xHistory ‡y1912-1945. ‡0(LARL_NWRL_CONSORTIUM)23630
901 . ‡a2772 ‡bOCLC ‡c2772 ‡tbiblio

Additional Resources